logo

Bir Sreshtho Munshi Abdur Rouf Library
Jhenaidah Cadet College

সঞ্চিতা / (Record no. 2906)

MARC details
000 -LEADER
fixed length control field 00634nam a2200217 a 4500
001 - CONTROL NUMBER
JCCL Control Number 2906
003 - CONTROL NUMBER IDENTIFIER
JCCL marc code BD-JhCC
005 - DATE AND TIME OF LATEST TRANSACTION
control field 20171108101640.0
008 - FIXED-LENGTH DATA ELEMENTS--GENERAL INFORMATION
fixed length control field 171108s1973 bg |||| ||a| 000 0 ben d
035 ## - SYSTEM CONTROL NUMBER
system control number (BD-JhCC)2906
040 ## - CATALOGING SOURCE
Original cataloging agency BD-JhCC
Modifying agency BD-JhCC
041 ## - LANGUAGE CODE
Language code of Book ben
082 ## - DEWEY DECIMAL CLASSIFICATION NUMBER
Classification number 891.4415
Author mark and Year ISL 1973
100 ## - MAIN ENTRY--PERSONAL NAME
Personal name ইসলাম, কাজী নজরুল
245 ## - TITLE STATEMENT
Title সঞ্চিতা /
Statement of responsibility, etc কাজী নজরুল ইসলাম,
260 ## - PUBLICATION, DISTRIBUTION, ETC. (IMPRINT)
Place of publication, distribution, etc ঢাকা :
Name of publisher, distributor, etc মাওলা ব্রাদার্স,
Date of publication, distribution, etc 1973
300 ## - PHYSICAL DESCRIPTION
Pagination 128 P. :
Dimensions 22 cm.
650 ## - SUBJECT ADDED ENTRY--TOPICAL TERM
Topical term or geographic name as entry element Bengali Peotry
942 ## - ADDED ENTRY ELEMENTS (KOHA)
Source of classification or shelving scheme Dewey Decimal Classification
Koha item type Books
Holdings
Source of classification or shelving scheme Damaged status Not for loan Home library Current library Shelving location Date of accession Cost, normal purchase price Total Checkouts Full call number Barcode Date last seen Date checked out Copy number Koha item type
Dewey Decimal Classification     JCC Rouf Library JCC Rouf Library General Stacks 11/08/2017 9.00 1 891.4415 ISL 1973 4659 03/16/2023 02/06/2023 C-1 Books
Dewey Decimal Classification     JCC Rouf Library JCC Rouf Library General Stacks 12/04/2017 16.00   891.4415 ISL 1973 5979 12/04/2017   C- 2 Books

JCC Library | Contacts | JCC Home

Last Update on 23 September 2017
Copyright @ 2017-2020 JCC Rouf Library
Rouf Library, Jhenidah Cadet College (JCC), Bangladesh